[Event "Sinquefield Cup 3rd"]
[Site "Saint Louis"]
[Date "2015.09.01"]
[Round "9"]
[White "Topalov, Veselin"]
[Black "Aronian, Levon"]
[Result "1/2-1/2"]
[WhiteElo "2816"]
[BlackElo "2765"]
[PlyCount "57"]
[EventDate "2015.08.23"]
[EventType "tourn"]
[EventRounds "9"]
[EventCountry "USA"]
[EventCategory "22"]
[SourceTitle "CBM 168"]
[Source "ChessBase"]
[SourceDate "2015.09.14"]
[SourceVersion "1"]
[SourceVersionDate "2015.09.14"]
[SourceQuality "1"]

1. d4 Nf6 2. c4 e6 3. Nf3 d5 4. Nc3 Bb4 5. Bg5 dxc4 6. Qa4+ Nc6 7. a3 {A
variation that scores rather badly for White, Topalov must have had some kind
of special idea.} Bxc3+ 8. bxc3 Qd5 9. Bxf6 gxf6 10. Nd2 {White will have some
compensation for his pawn thanks to the central majority and a slightly
weakened kingside, but it should not be enough. If anything Black has real
chances to play for an advantage, as the score of this line proves.} b5 11. Qc2
a6 12. e4 Qd7 13. g3 Bb7 14. Bg2 Ne7 {Aronian mentioned after the game that he
was very happy with the opening... "I didn't have to think! just put the
knight on e7, a rook on d8 and go c5, what else can I do?".} 15. O-O O-O 16.
Rfd1 Rad8 17. a4 c5 18. axb5 axb5 19. Nf3 Qc7 20. Rab1 f5 {Black really has no
problems, and this advance forces White to start thinking about not falling
into a clearly worse position.} 21. exf5 Nxf5 22. Rxb5 Bxf3 23. Bxf3 cxd4 24.
Qc1 dxc3 {forcing the draw} (24... Qe7 {was worth considering, but Aronian
thought he shouldn't get too clever...} 25. Be4 $1 $11 (25. Rb4 Rc8 $15)) (
24... Kh8 {was what Topalov was afraid of, but there is a clear draw here...}
25. cxd4 Nxd4 26. Rxd4 Rxd4 27. Qh6 $1 Qe7 28. Rb7 $11 Qd8) 25. Rxf5 Rxd1+ 26.
Bxd1 exf5 27. Qg5+ Kh8 28. Qf6+ Kg8 29. Qg5+ {And with that Aronian becomes
the 2015 Sinquefield Champion.} 1/2-1/2

[Event "Festa da Uva simul (+25=11- 0)"]
[Site "Caxias do Sul"]
[Date "2016.02.??"]
[Round "29"]
[White "Topalov, Veselin"]
[Black "Silva Jr, Maurides Ferreira D"]
[Result "1/2-1/2"]
[WhiteElo "2760"]
[BlackElo "1975"]
[PlyCount "55"]
[EventDate "2016.02.??"]
[EventType "simul"]
[EventRounds "1"]
[EventCountry "BRA"]
[SourceTitle "EXT 2018"]
[Source "ChessBase"]
[SourceDate "2017.10.13"]
[SourceVersion "1"]
[SourceVersionDate "2017.10.13"]
[SourceQuality "1"]

1. d4 Nf6 2. Bf4 d5 3. e3 c6 4. c4 Bf5 5. Nc3 e6 6. Nf3 Be7 7. Qb3 Qb6 8. c5
Qxb3 9. axb3 Nbd7 10. h3 O-O 11. b4 a6 12. Be2 h6 13. Nd2 Rfc8 14. Nb3 Bd8 15.
Na5 Bxa5 16. bxa5 Ne4 17. f3 Nxc3 18. bxc3 e5 19. Bg3 Re8 20. Kd2 f6 21. Ra2
Re7 22. Rb2 Nf8 23. Ra1 Rae8 24. Ra3 Bc8 25. Bd3 g6 26. Rab3 Kg7 27. Rb4 Rd7
28. Bf2 1/2-1/2

[Event "Norway Masters blitz 4th"]
[Site "Stavanger"]
[Date "2016.04.18"]
[Round "2"]
[White "Li, Chao B"]
[Black "Topalov, Veselin"]
[Result "1-0"]
[WhiteElo "2755"]
[BlackElo "2754"]
[PlyCount "79"]
[EventDate "2016.04.18"]
[EventType "tourn (blitz)"]
[EventRounds "9"]
[EventCountry "NOR"]
[EventCategory "21"]
[SourceTitle "CBM 171 Extra"]
[Source "ChessBase"]
[SourceDate "2016.04.26"]
[SourceVersion "1"]
[SourceVersionDate "2016.04.26"]
[SourceQuality "1"]

1. d4 Nf6 2. c4 e6 3. g3 d5 4. Bg2 Bb4+ 5. Nd2 O-O 6. Ngf3 b6 7. O-O Bb7 8. Ne5
Be7 9. cxd5 Bxd5 10. Ndf3 Nbd7 11. Bf4 Nxe5 12. Bxe5 c5 13. Rc1 h6 14. a3 a5
15. Qa4 Qd7 16. Qxd7 Nxd7 17. Rfd1 Rac8 18. dxc5 Nxc5 19. Nd4 Rfd8 20. Nb5 Bxg2
21. Kxg2 Bf6 22. Bxf6 gxf6 23. g4 Kg7 24. Kf3 h5 25. gxh5 f5 26. Nd6 Ra8 27.
Nc4 Nb3 28. Rxd8 Rxd8 29. Rg1+ Kh6 30. Ne5 Nd4+ 31. Ke3 Nc2+ 32. Kf4 Rf8 33. e3
b5 34. Rc1 Rc8 35. Nxf7+ Kg7 36. Nd6 Rc6 37. Nxb5 Kf6 38. Nc3 e5+ 39. Kg3 f4+
40. Kh4 1-0

[Event "Norway Masters blitz 4th"]
[Site "Stavanger"]
[Date "2016.04.18"]
[Round "8"]
[White "Topalov, Veselin"]
[Black "Eljanov, Pavel"]
[Result "1/2-1/2"]
[WhiteElo "2754"]
[BlackElo "2765"]
[PlyCount "121"]
[EventDate "2016.04.18"]
[EventType "tourn (blitz)"]
[EventRounds "9"]
[EventCountry "NOR"]
[EventCategory "21"]
[SourceTitle "CBM 171 Extra"]
[Source "ChessBase"]
[SourceDate "2016.04.26"]
[SourceVersion "1"]
[SourceVersionDate "2016.04.26"]
[SourceQuality "1"]

1. c4 c6 2. b3 d5 3. Bb2 Bg4 4. h3 Bh5 5. d3 e6 6. Nd2 Nf6 7. Ngf3 Bxf3 8. Nxf3
Qa5+ 9. Nd2 Ba3 10. Bxa3 Qxa3 11. e3 O-O 12. Be2 a5 13. Qc1 Qe7 14. a3 e5 15.
O-O Na6 16. Re1 Rfd8 17. Qb2 e4 18. d4 Nc7 19. b4 axb4 20. axb4 Ne6 21. b5 g6
22. Rec1 h5 23. Ra2 Qe8 24. Rca1 Kg7 25. Ra7 Rxa7 26. Rxa7 cxb5 27. cxd5 Rxd5
28. Rxb7 Qc8 29. Rxb5 Rxb5 30. Qxb5 Qc1+ 31. Nf1 Nc7 32. Qe5 Ncd5 33. g4 hxg4
34. hxg4 Qc7 35. Ng3 Qxe5 36. dxe5 Nd7 37. e6 fxe6 38. Nxe4 e5 39. Kg2 N7f6 40.
Nc5 Nc7 41. g5 Nh7 42. f4 exf4 43. exf4 Nf8 44. Bg4 Kf7 45. Kf3 Nb5 46. Ke3 Nc7
47. Ke4 Nb5 48. Ke5 Nc7 49. Ne4 Nb5 50. Nd6+ Nxd6 51. Kxd6 Kg7 52. Ke7 Nh7 53.
Be6 Nf8 54. Bc4 Nh7 55. Be6 Nf8 56. Bg4 Nh7 57. Ke6 Nf8+ 58. Ke5 Nh7 59. Bh3
Nf8 60. Bg4 Nh7 61. Ke4 1/2-1/2

[Event "Leuven GCT rapid"]
[Site "Leuven"]
[Date "2016.06.17"]
[Round "2"]
[White "Topalov, Veselin"]
[Black "Nakamura, Hikaru"]
[Result "1-0"]
[WhiteElo "2761"]
[BlackElo "2787"]
[Annotator "Besenthal,K"]
[PlyCount "89"]
[EventDate "2016.06.17"]
[EventType "tourn (rapid)"]
[EventRounds "9"]
[EventCountry "BEL"]
[EventCategory "22"]
[SourceTitle "CBM 173"]
[Source "ChessBase"]
[SourceDate "2016.07.12"]
[SourceVersion "1"]
[SourceVersionDate "2016.07.12"]
[SourceQuality "1"]

1. e4 e5 2. Nf3 Nc6 3. Bc4 {Das ist mal etwas anderes als das ewige Spanisch...
} Bc5 4. c3 Nf6 5. d3 d6 6. O-O a6 7. a4 O-O 8. Re1 Ba7 9. Nbd2 Ng4 10. Re2 Kh8
11. h3 {Diagramm [#]} f5 12. exf5 (12. hxg4 fxg4 13. Nh2 g3 14. Nhf3 Bg4 {
mit deutlichem Vorteil für Schwarz.}) 12... Nxf2 13. Rxf2 Bxf2+ 14. Kxf2 d5
15. Bb3 Bxf5 16. Kg1 $2 (16. Qe2 {war zunächst angebracht.}) 16... Bxd3 {
Jetzt hat Schwarz Vorteil.} 17. Ne1 Bg6 18. Ndf3 e4 19. Nh2 Ne7 $6 (19... d4 $1
20. cxd4 Nxd4 21. Be3 c5 {Mit starker Position für Schwarz.}) 20. Be3 Qd6 21.
Nc2 Rad8 22. Qd2 c5 23. Rd1 h6 24. Ng4 Bh5 25. Ba2 a5 26. Qe1 Be8 27. b3 b6 28.
Bf2 Bh5 29. Bh4 Rd7 {Diagramm [#]} 30. b4 $2 (30. Nce3 $1 d4 31. cxd4 cxd4 32.
Nc4 $1 $11) 30... axb4 31. cxb4 d4 32. Nce3 (32. Qxe4 Ng6 $17 {Der Bd4 ist
sehr stark.}) 32... Bxg4 33. hxg4 Ng6 34. Bg3 Qf6 35. Nf5 e3 36. bxc5 bxc5 37.
Qe2 Ne5 38. Bb1 {Diagramm [#]} Rfd8 {Ein auf den ersten Blick unmerklicher,
dafür aber umso schwererer Fehler. Schwarz verliert jetzt kräftig Material,
weil Weiß plötzlich auf dem weißen Feldernetz machen kann, was er will.} 39.
Bxe5 $1 Qxe5 40. Nh4 Qg5 41. Ng6+ Kg8 42. Qc4+ Rd5 43. Be4 Qxg4 44. Bxd5+ Kh7
45. Qd3 1-0

[Event "Paris GCT Rapid"]
[Site "Paris"]
[Date "2017.06.22"]
[Round "6"]
[White "Topalov, Veselin"]
[Black "Vachier Lagrave, Maxime"]
[Result "0-1"]
[WhiteElo "2749"]
[BlackElo "2796"]
[Annotator "Yermolinsky,A"]
[PlyCount "92"]
[EventDate "2017.06.21"]
[EventType "tourn (rapid)"]
[EventRounds "9"]
[EventCountry "FRA"]
[EventCategory "22"]
[SourceTitle "CBM 179"]
[Source "ChessBase"]
[SourceDate "2017.07.12"]
[SourceVersion "1"]
[SourceVersionDate "2017.07.12"]
[SourceQuality "1"]

1. e4 c5 2. Nf3 d6 3. d4 cxd4 4. Nxd4 Nf6 5. Nc3 a6 6. f3 e5 7. Nb3 Be6 8. Be3
h5 9. Qd2 Nbd7 10. Nd5 Bxd5 11. exd5 g6 12. Be2 Bg7 13. O-O b6 14. c4 O-O 15.
Rac1 a5 16. Qd1 a4 17. Nd2 Nc5 18. Nb1 Re8 19. Nc3 e4 20. f4 Nd3 21. Bxd3 Ng4
22. Bf2 exd3 23. Qxd3 Ra7 24. Bd4 (24. Nb5 $1 Nxf2 (24... Rae7 25. Bh4) 25.
Rxf2 Rae7 26. Rcf1 Re3 27. Qd2 Bf6 28. Nd4 $14) 24... Rae7 25. Bxg7 Re3 26. Qd2
Kxg7 27. f5 Qh4 28. g3 (28. h3 Rxh3 29. gxh3 Re3 30. hxg4 Rg3+ 31. Qg2 Rxg2+
32. Kxg2 Qxg4+ 33. Kf2 Qf4+ 34. Ke2 Qxc4+ 35. Kd2 g5 $13) 28... Qg5 29. Qd4+ f6
30. Qf4 $1 (30. fxg6 Nxh2 $1) 30... Qxf4 31. gxf4 h4 $5 (31... a3 $5) 32. Nxa4
h3 33. Rc3 gxf5 34. Rxe3 Rxe3 35. Nc3 Kh6 36. a4 Kh5 37. a5 $6 (37. c5 bxc5 (
37... dxc5 38. d6) 38. a5 Re8 39. a6 Rg8 40. Rf3 Nh6+ 41. Rg3 Ra8 42. Rxh3+ Kg6
$11) 37... bxa5 38. c5 dxc5 39. d6 Re8 40. Rd1 Rg8 $1 41. Re1 $2 (41. Rd3 $8
Ne5+ 42. Rg3 Rxg3+ 43. hxg3 Nd7 44. Kh2 Kg6 45. Kxh3 Kf7 46. g4 fxg4+ 47. Kxg4
Ke6 48. Nb5 $11) 41... Ne5+ 42. Kf1 Nf3 43. Re2 Rd8 44. Nb5 Kg4 $19 45. Re7
Nxh2+ 46. Kf2 Kxf4 0-1

[Event "Paris GCT Rapid"]
[Site "Paris"]
[Date "2017.06.23"]
[Round "8"]
[White "Mamedyarov, Shakhriyar"]
[Black "Topalov, Veselin"]
[Result "1-0"]
[WhiteElo "2800"]
[BlackElo "2749"]
[PlyCount "69"]
[EventDate "2017.06.21"]
[EventType "tourn (rapid)"]
[EventRounds "9"]
[EventCountry "FRA"]
[EventCategory "22"]
[SourceTitle "CBM 179"]
[Source "ChessBase"]
[SourceDate "2017.07.12"]
[SourceVersion "1"]
[SourceVersionDate "2017.07.12"]
[SourceQuality "1"]
[TimeControl "1500"]

1. d4 {[%emt 0:00:00]} d5 {[%emt 0:00:00]} 2. c4 {[%emt 0:00:00]} e6 {[%emt 0:
00:00]} 3. Nc3 {[%emt 0:00:00]} Be7 {[%emt 0:00:00]} 4. cxd5 {[%emt 0:00:00]}
exd5 {[%emt 0:00:00]} 5. Bf4 {[%emt 0:00:00]} c6 {[%emt 0:00:00]} 6. e3 {
[%emt 0:00:00]} Bf5 {[%emt 0:00:00]} 7. Bd3 {[%emt 0:00:00]} Bxd3 {[%emt 0:00:
00]} 8. Qxd3 {[%emt 0:00:00]} Nf6 {[%emt 0:00:00]} 9. Nge2 {[%emt 0:00:00]}
Nbd7 {[%emt 0:00:00]} 10. h3 {[%emt 0:00:14]} O-O {[%emt 0:01:01]} 11. O-O {
[%emt 0:00:00]} Re8 {[%emt 0:00:00]} 12. f3 {[%emt 0:00:26]} b5 {[%emt 0:02:01]
} 13. a3 {[%emt 0:02:19]} a5 {[%emt 0:01:13]} 14. e4 {[%emt 0:00:34]} Nb6 {
[%emt 0:01:01]} 15. e5 {[%emt 0:02:21]} Nfd7 {[%emt 0:00:00]} 16. Bc1 {[%emt 0:
01:07]} b4 {[%emt 0:00:04]} 17. axb4 {[%emt 0:00:04]} axb4 {[%emt 0:00:00]} 18.
Rxa8 {[%emt 0:00:00]} Qxa8 {[%emt 0:00:00]} 19. Nd1 {[%emt 0:00:00]} c5 {
[%emt 0:00:03]} 20. f4 {[%emt 0:00:00]} Bf8 {[%emt 0:01:48]} 21. Kh2 {[%emt 0:
03:56]} Qa2 {[%emt 0:01:55]} 22. Ne3 {[%emt 0:01:06]} c4 {[%emt 0:00:15]} 23.
Qd1 {[%emt 0:00:00]} Qb3 {[%emt 0:03:10]} 24. Qe1 {[%emt 0:00:17]} f6 {[%emt 0:
00:58]} 25. Rf3 {[%emt 0:00:22]} Qa4 {[%emt 0:00:00]} 26. Qh4 {[%emt 0:00:11]}
Qc6 {[%emt 0:00:36]} 27. Rg3 {[%emt 0:00:00]} g6 {[%emt 0:02:18]} 28. f5 {
[%emt 0:01:33]} fxe5 {[%emt 0:00:00]} 29. fxg6 {[%emt 0:00:00]} hxg6 {[%emt 0:
00:00]} 30. Nf5 {[%emt 0:00:43]} Qf6 {[%emt 0:00:32]} 31. Qh5 {[%emt 0:00:00]}
Re6 {[%emt 0:00:45]} 32. Nh4 {[%emt 0:00:04]} Bg7 {[%emt 0:01:21]} 33. Nxg6 {
[%emt 0:00:28]} Qf7 {[%emt 0:00:04]} 34. Bh6 {[%emt 0:01:11]} Nf8 {[%emt 0:02:
47]} 35. Bxg7 {[%emt 0:00:32]} 1-0

[Event "Paris GCT Rapid"]
[Site "Paris"]
[Date "2017.06.23"]
[Round "9"]
[White "Topalov, Veselin"]
[Black "Nakamura, Hikaru"]
[Result "0-1"]
[WhiteElo "2749"]
[BlackElo "2785"]
[PlyCount "86"]
[EventDate "2017.06.21"]
[EventType "tourn (rapid)"]
[EventRounds "9"]
[EventCountry "FRA"]
[EventCategory "22"]
[SourceTitle "CBM 179"]
[Source "ChessBase"]
[SourceDate "2017.07.12"]
[SourceVersion "1"]
[SourceVersionDate "2017.07.12"]
[SourceQuality "1"]
[TimeControl "1500"]

1. d4 {[%emt 0:00:00]} Nf6 {[%emt 0:00:00]} 2. c4 {[%emt 0:00:00]} e6 {[%emt 0:
00:00]} 3. Nf3 {[%emt 0:00:00]} d5 {[%emt 0:00:00]} 4. Nc3 {[%emt 0:00:00]} Be7
{[%emt 0:00:00]} 5. Bf4 {[%emt 0:00:00]} O-O {[%emt 0:00:00]} 6. a3 {[%emt 0:
00:00]} c5 {[%emt 0:00:00]} 7. dxc5 {[%emt 0:00:00]} Bxc5 {[%emt 0:00:00]} 8.
e3 {[%emt 0:00:00]} Nc6 {[%emt 0:00:00]} 9. Qc2 {[%emt 0:00:00]} Qa5 {[%emt 0:
00:00]} 10. Nd2 {[%emt 0:00:00]} Bb4 {[%emt 0:00:00]} 11. cxd5 {[%emt 0:00:19]}
exd5 {[%emt 0:00:00]} 12. Nb3 {[%emt 0:00:00]} Bxc3+ {[%emt 0:00:00]} 13. bxc3
{[%emt 0:00:00]} Qd8 {[%emt 0:00:52]} 14. Be2 {[%emt 0:00:29]} Ne4 {[%emt 0:00:
06]} 15. f3 {[%emt 0:01:44]} Nf6 {[%emt 0:00:22]} 16. g4 {[%emt 0:02:25]} Be6 {
[%emt 0:00:06]} 17. O-O {[%emt 0:01:34]} Rc8 {[%emt 0:00:00]} 18. Qd2 {[%emt 0:
01:11]} Qe7 {[%emt 0:00:21]} 19. a4 {[%emt 0:00:28]} Nd7 {[%emt 0:00:16]} 20.
a5 {[%emt 0:00:32]} h5 {[%emt 0:01:10]} 21. h3 {[%emt 0:01:26]} g5 {[%emt 0:00:
44]} 22. Bg3 {[%emt 0:00:04]} f5 {[%emt 0:00:00]} 23. Nd4 {[%emt 0:01:45]} Nxd4
{[%emt 0:06:20]} 24. exd4 f4 {[%emt 0:00:06]} 25. Bf2 {[%emt 0:00:00]} Qd6 {
[%emt 0:00:00]} 26. Rfe1 {[%emt 0:00:00]} Bf7 {[%emt 0:00:00]} 27. Bb5 {
[%emt 0:00:11]} Rfe8 {[%emt 0:00:19]} 28. Bxd7 {[%emt 0:02:22]} Qxd7 {[%emt 0:
00:00]} 29. Re5 {[%emt 0:00:00]} Rxe5 {[%emt 0:01:20]} 30. dxe5 {[%emt 0:00:00]
} Re8 {[%emt 0:00:33]} 31. Bd4 {[%emt 0:00:39]} Re6 {[%emt 0:00:03]} 32. Rb1 {
[%emt 0:01:44]} Be8 {[%emt 0:02:09]} 33. Qb2 {[%emt 0:02:10]} b5 {[%emt 0:00:
00]} 34. axb6 {[%emt 0:00:00]} axb6 {[%emt 0:00:00]} 35. Ra1 {[%emt 0:00:00]}
hxg4 {[%emt 0:00:16]} 36. hxg4 {[%emt 0:00:00]} Qh7 {[%emt 0:01:41]} 37. Ra8 {
[%emt 0:01:57]} Rh6 {[%emt 0:00:00]} 38. Qg2 {[%emt 0:00:00]} Qb1+ {[%emt 0:00:
00]} 39. Kf2 {[%emt 0:00:00]} Qc2+ {[%emt 0:00:16]} 40. Kf1 {[%emt 0:00:00]}
Qd1+ {[%emt 0:00:47]} 41. Kf2 {[%emt 0:00:00]} Kf7 {[%emt 0:00:05]} 42. Ra2 {
[%emt 0:02:12]} Rh1 {[%emt 0:00:25]} 43. e6+ {[%emt 0:00:00]} Ke7 {[%emt 0:00:
14]} 0-1

[Event "Saint Louis Champions Showdown G30"]
[Site "Saint Louis"]
[Date "2017.11.09"]
[Round "4.1"]
[White "Nakamura, Hikaru"]
[Black "Topalov, Veselin"]
[Result "1-0"]
[WhiteElo "2774"]
[BlackElo "2749"]
[PlyCount "151"]
[EventDate "2017.10.21"]
[EventType "match (rapid)"]
[EventRounds "4"]
[EventCountry "USA"]
[SourceTitle "CBM 182"]
[Source "ChessBase"]
[SourceDate "2018.01.17"]
[SourceVersion "1"]
[SourceVersionDate "2018.01.17"]
[SourceQuality "1"]

1. e4 e5 2. Nc3 Nf6 3. Bc4 Nc6 4. d3 Bb4 5. Nge2 d5 6. exd5 Nxd5 7. O-O Be6 8.
a3 Bxc3 9. bxc3 O-O 10. a4 b6 11. Bb5 Na5 12. d4 e4 13. c4 Ne7 14. d5 Bg4 15.
Ba6 c6 16. h3 Bc8 17. Bxc8 Rxc8 18. d6 Ng6 19. c5 Nb7 20. Be3 bxc5 21. a5 Qd7
22. a6 Nxd6 23. Bxc5 Rfd8 24. Ng3 Qe6 25. Bxd6 Rxd6 26. Qg4 c5 27. Qxe4 Rxa6
28. Qxe6 Rxe6 29. Rxa7 Ne7 30. Rd1 g6 31. c3 Nc6 32. Rb7 Na5 33. Ra7 Nc6 34.
Ra6 h5 35. Ra4 Rce8 36. Nf1 Kg7 37. Ne3 Re5 38. Ra6 Ne7 39. Nc4 Re2 40. Ne3 Rb8
41. Ra5 Rbb2 42. Rf1 Ng8 43. Rxc5 Nf6 44. Re5 Nd7 45. Rd5 Nf6 46. Rd4 Ra2 47.
c4 Ra5 48. Rc1 Rc5 49. Ra1 Rb2 50. Ra7 Rb1+ 51. Kh2 Rb2 52. Rf4 Rb6 53. h4 Re6
54. Nd5 Rec6 55. Ne3 Re6 56. Kg3 Ne4+ 57. Kf3 Nd6 58. Rd7 Kf8 59. Rd4 Rc6 60.
Ra7 Kg7 61. g3 Rf6+ 62. Ke2 Re6 63. Kd3 Rf6 64. Rf4 Re6 65. Rd7 Kf8 66. Ra7 Ke8
67. Nd5 Re1 68. Nf6+ Kf8 69. Ra8+ Ke7 70. Nd5+ Kd7 71. Ra7+ Ke8 72. Ne3 Rb1 73.
Rd4 Nb7 74. Ra8+ Ke7 75. Kc2 Re1 76. Ra7 1-0

[Event "Saint Louis Champions Showdown G10"]
[Site "Saint Louis"]
[Date "2017.11.11"]
[Round "4.1"]
[White "Nakamura, Hikaru"]
[Black "Topalov, Veselin"]
[Result "0-1"]
[WhiteElo "2780"]
[BlackElo "2749"]
[PlyCount "110"]
[EventDate "2017.11.11"]
[EventType "match (blitz)"]
[EventRounds "8"]
[EventCountry "USA"]
[SourceTitle "CBM 182"]
[Source "ChessBase"]
[SourceDate "2018.01.17"]
[SourceVersion "1"]
[SourceVersionDate "2018.01.17"]
[SourceQuality "1"]

1. d4 d5 2. c4 e6 3. Nc3 Be7 4. cxd5 exd5 5. Bf4 Nf6 6. e3 Bf5 7. Nge2 O-O 8.
Ng3 Be6 9. Bd3 c5 10. dxc5 Bxc5 11. O-O Nc6 12. a3 d4 13. Na4 Be7 14. e4 Nd7
15. Nf5 Nde5 16. Nxe7+ Qxe7 17. Rc1 Rad8 18. Re1 b6 19. b4 Qf6 20. Bg3 Nxd3 21.
Qxd3 Ne5 22. Bxe5 Qxe5 23. Nb2 Rc8 24. Rcd1 Rfd8 25. g3 Qf6 26. e5 Qf5 27. Qxf5
Bxf5 28. Nd3 Rc3 29. Nf4 Rxa3 30. e6 fxe6 31. Nxe6 Bxe6 32. Rxe6 Rd7 33. Re4 d3
34. Kf1 Ra4 35. Ke1 a5 36. Rb1 h6 37. h4 Rd5 38. Kd2 Ra2+ 39. Ke1 Rb5 40. Rd1
Ra4 41. Rxd3 Raxb4 42. Re8+ Kf7 43. Rde3 Rb1+ 44. Ke2 R5b2+ 45. Kf3 Rb3 46.
R8e7+ Kg6 47. h5+ Kh7 48. Ra7 Rxe3+ 49. fxe3 Rb4 50. e4 a4 51. e5 Kg8 52. e6
Kf8 53. g4 b5 54. Rf7+ Ke8 55. Rxg7 a3 0-1

[Event "Gashimov Memorial 5th"]
[Site "Shamkir"]
[Date "2018.04.28"]
[Round "9"]
[White "Karjakin, Sergey"]
[Black "Topalov, Veselin"]
[Result "1-0"]
[WhiteElo "2778"]
[BlackElo "2749"]
[Annotator "Szabo,Kr"]
[PlyCount "97"]
[EventDate "2018.04.19"]
[EventType "tourn"]
[EventRounds "9"]
[EventCountry "AZE"]
[EventCategory "21"]
[SourceTitle "CBM 184"]
[Source "ChessBase"]
[SourceDate "2018.05.16"]
[SourceVersion "1"]
[SourceVersionDate "2018.05.16"]
[SourceQuality "1"]

1. e4 e5 2. Nf3 Nc6 3. Bc4 Bc5 4. d3 Nf6 5. Nc3 d6 6. Na4 {White immediately
gains the dark-squared bishop.} Bb6 7. a3 {A typical move in this structure.
White frees the a2-square for his bishop.} (7. Nxb6 {is the most common
continuation.}) 7... O-O (7... h6 {was played by Mamedyarov in a blitz game,}
8. h3 O-O 9. O-O Be6 10. Re1 Bxc4 11. dxc4 Nd4 12. Nh4 Nd7 13. g3 Qf6 14. Nxb6
Nxb6 $11 {Artemiev-Mamedyarov, Huai'an blitz 2017, with a balanced middlegame.}
) 8. O-O Ne7 {A natural idea. Black goes to g6 with his knight, from where the
knight is more active.} (8... Be6) ({and} 8... h6 {are the other logical
options.}) 9. Nxb6 axb6 10. Bg5 $1 {The best reply, because the pin can be
unpleasant for Black.} Be6 ({In the event of} 10... Ng6 11. Nh4 $1 $14 {
and White prevents ...h6, moreover he frees the f3-square for his queen.}) 11.
Bxf6 gxf6 12. Nh4 {White opens the black king's position a bit. With the last
move he prepares for Qh5.} d5 (12... f5 $6 {could have been met by} 13. exf5
Nxf5 14. Nxf5 Bxf5 15. f4 $14 {and White has a promising position.}) ({Probably
} 12... Ng6 $5 {was still the most accurate, for example:} 13. Qh5 Kh8 14. Bxe6
Nf4 15. Qh6 fxe6 16. g3 Rg8 17. Kh1 Ng6 {and Black tries to hold his position.}
) 13. exd5 Nxd5 14. d4 {White tries to open the centre, but this is not the
most precise now.} (14. Qf3) ({or} 14. Bxd5 Qxd5 (14... Bxd5 15. f4 $36) 15.
Qh5 Qd4 16. Qh6 Ra4 17. g3 $36 {gives some initiative for White.}) 14... c6 $2
{Error in reply!} ({The smart} 14... Nc3 $1 {was the correct reaction,} 15.
bxc3 (15. Qd3 $2 Qxd4) 15... Bxc4 16. Nf5 Kh8 17. Re1 Be6 {and Black doesn't
have a real problem.}) 15. Re1 $1 {The best move, White continues the pressure
on e5.} b5 16. Bxd5 cxd5 $6 (16... Qxd5 {was more accurate, but} 17. dxe5 fxe5
18. Qxd5 Bxd5 19. Rxe5 b4 20. Nf5 $14 {and White is a pawn up.}) 17. Qh5 e4 18.
f3 $1 {White opens the position again, because the black king can be weak and
the e1-rook can come to the play.} b4 $1 {Still the best practical chance to
create counterplay.} ({After} 18... exf3 $6 19. Qxf3 $16 {and Black's pawn
structure is very bad.}) 19. fxe4 dxe4 20. Rxe4 Ra5 21. Qh6 Qd5 22. Rf4 bxa3
23. bxa3 Qg5 24. Qxf6 ({The careless} 24. Rxf6 $2 {could have been met by} Qxh6
25. Rxh6 Kg7 $17 {and suddenly the rook is trapped on h6.}) 24... Qxf6 25. Rxf6
Rc8 26. Rf2 {White is two pawns up, but Black can win back the a3-pawn. If
White consolidates his position, comes back with the N and activates his king,
he should be winning.} b5 27. Rd2 b4 28. a4 Bd7 ({In the event of} 28... Rca8
29. Rb1 Rxa4 30. d5 Bd7 31. Nf3 $16 {followed by Kf2 and White is clearly
better.}) 29. Kf2 Rxa4 30. Rb1 Rc4 31. Rb2 ({The immediate} 31. Nf3 {was also
fine.}) 31... Kf8 32. g3 (32. Nf3 {was also good, but White doesn't have to
hurry with anything.}) 32... Bh3 33. Nf3 f6 34. Ke3 (34. Ne1 {is similar to
the text move, First he activates his king.}) 34... Bg4 (34... Ra3+ $1 {
was tougher, as} 35. Kf4 Bd7 36. Ne1 Bc6 {and it is not so easy for White to
activate the knight.}) 35. Ne1 $1 {White starts to improve his knight.} Ke7 36.
Ng2 (36. Nd3 {was also fine.}) 36... Bh3 37. Nf4 Be6 {Black can't do anything,
just wait.} 38. d5 Bf5 39. d6+ Kd8 (39... Kd7 40. Nd5 $18 {is also hopeless
for Black.}) 40. Nd5 Ra3+ 41. Kf2 Be4 42. Nb6 $1 {Black can't save the b4-pawn.
} Rc5 43. Rxb4 Rh5 44. Ke1 (44. Rxe4 $4 {was Black's last trap, because of}
Rxh2+ 45. Ke1 Ra1+ 46. Rd1 Rh1+ $17 {and suddenly Black will be an exchange up.
}) 44... Bc6 (44... Ra1+ 45. Rd1 $18) 45. Re2 Ra6 46. c4 Ra1+ 47. Kd2 Rf5 48.
Re7 Ra2+ 49. Kc3 {A great victory by Karjakin!} 1-0